Zoography science (Record no. 756750)

MARC details
000 -LEADER
fixed length control field 00307 a2200133 4500
020 ## - INTERNATIONAL STANDARD BOOK NUMBER
ISBN 9789383101856
084 ## - OTHER CLASSIFICATION NUMBER
Source of Number CC
Classification number K
100 ## - MAIN ENTRY--AUTHOR NAME
Personal name JUNEJA, M S
245 ## - TITLE STATEMENT
Title Zoography science
260 ## - PUBLICATION, DISTRIBUTION, ETC. (IMPRINT)
Name of publisher Agrotech press,
Year of publication 2025,
Place of publication New Delhi
300 ## - PHYSICAL DESCRIPTION
Number of Pages 248p.
942 ## - ADDED ENTRY ELEMENTS (KOHA)
Koha item type Book
Source of classification or shelving scheme Colon Classification
Holdings
Withdrawn status Lost status Source of classification or shelving scheme Damaged status Not for loan Home Library Current Location Shelving location Date acquired Source of acquisition Cost, normal purchase price Full call number Accession Number Cost, replacement price Price effective from Koha item type
    Colon Classification     Kerala University Library Kerala University Library General Stacks 27/02/2026 2 1462.50 K R5 326508 1950.00 27/02/2026 General
    Colon Classification     Kerala University Library Kerala University Library General Stacks 06/03/2026 2 1462.50 K R5;1 326682 1950.00 06/03/2026 General